000 00871nam a2200217Ia 4500
001 18631
005 20260320160711.0
008 260306s9999||||xx |||||||||||||| ||und||
041 _aESP
082 _a658.4092
_bL99 2016
100 _aLussier, Robert N.
_eAUT
245 0 _aLiderazgo:
_bteoría, aplicación y desarrollo de habilidades
260 _c2016
300 _axxviii, 497 páginas :
_c27 cm.
650 _aGEN
654 _aCHU
856 _uhttps://itmsp.museknowledge.com/UCSP?url=https://www.ebooks7-24.com:443/?il=2752&pg=1
_zVersión digital
856 _uhttps://0u213tdig-y-https-ebooks7--24-com.itmsp.museknowledge.com/biblioteca.aspx
_zVéase además: Base de datos Ebook7-24
856 _uhttps://0u20ftdio-y-https-research-ebsco-com.itmsp.museknowledge.com/c/qxo6us/search
_zVéase además: Base de datos EBSCOhost
942 _cLIB
_dJUS
_fJUS
_2ddc
999 _c18631
_d18631